LIBRARY & INFORMATION CENTRE, KCAET, TAVANUR

ONLINE PUBLIC ACCESS CATALOGUE (OPAC)

Irrigation Resources (Record no. 14487)

MARC details
000 -LEADER
fixed length control field 00404nam a22001577a 4500
003 - CONTROL NUMBER IDENTIFIER
control field OSt
008 - FIXED-LENGTH DATA ELEMENTS--GENERAL INFORMATION
fixed length control field 241108b |||||||| |||| 00| 0 eng d
020 ## - INTERNATIONAL STANDARD BOOK NUMBER
ISBN 9788172339142
082 ## - DEWEY DECIMAL CLASSIFICATION NUMBER
Classification number 631.587
Item number VER/IR
245 ## - TITLE STATEMENT
Title Irrigation Resources
260 ## - PUBLICATION, DISTRIBUTION, ETC. (IMPRINT)
Place of publication Jodhpur
Name of publisher Scientific Publishers
Year of publication 2014
300 ## - PHYSICAL DESCRIPTION
Number of Pages 429
700 ## - ADDED ENTRY--PERSONAL NAME
Personal name Verma,sawalia Bihari
700 ## - ADDED ENTRY--PERSONAL NAME
Personal name Shrivastawa,Aravind Kumar
942 ## - ADDED ENTRY ELEMENTS (KOHA)
Koha item type Books
Holdings
Withdrawn status Lost status Damaged status Collection code Home library Current library Shelving location Date acquired Source of acquisition Cost, normal purchase price Full call number Accession Number Koha item type
        KAUAET KAUAET Shelf- 13A 08/07/2016 Arunima Book Distributors,TVPM 2450.00 631.587 VER/IR 24825 Books
free website counter